[Event "Gelfand Challenge 2021"]
[Site "chess24.com INT"]
[Date "2021.06.13"]
[Round "19.5"]
[White "Badelka, Olga"]
[Black "Bjerre, Jonas Buhl"]
[Result "1-0"]
[WhiteTitle "IM"]
[BlackTitle "GM"]
[WhiteElo "2418"]
[BlackElo "2542"]
[WhiteFideId "13509926"]
[BlackFideId "1444948"]
[EventDate "2021.06.10"]

1. d4 Nf6 2. c4 e6 3. Nc3 Bb4 4. e3 O-O 5. Bd2 d5 6. Nf3 b6 7. cxd5 exd5 8. Bd3
a5 9. O-O Ba6 10. Bxa6 Nxa6 11. Rc1 Re8 12. Qc2 Bf8 13. Nb5 c5 14. dxc5 bxc5 15.
a4 Ne4 16. Rfd1 c4 17. b3 Rc8 18. bxc4 dxc4 19. Be1 Qb6 20. Rd4 Nec5 21. Rxc4
Rcd8 22. Nfd4 Rd5 23. Rb1 Rh5 24. Nf3 Qd8 25. Nbd4 Bd6 26. Rb5 Nb4 27. Bxb4 axb4
28. Rcxb4 Qc7 29. Rc4 Bxh2+ 30. Kf1 Bd6 31. Nf5 Bf8 32. g4 Rh1+ 33. Kg2 Ra1 34.
Rcxc5 Bxc5 35. Rxc5 Qd7 36. Qc3 1-0

[Event "Gelfand Challenge 2021"]
[Site "chess24.com INT"]
[Date "2021.06.13"]
[Round "19.6"]
[White "Salimova, Nurgyul"]
[Black "Praggnanandhaa, R"]
[Result "0-1"]
[WhiteTitle "IM"]
[BlackTitle "GM"]
[WhiteElo "2395"]
[BlackElo "2608"]
[WhiteFideId "2915138"]
[BlackFideId "25059530"]
[EventDate "2021.06.10"]

1. d4 Nf6 2. c4 g6 3. Nf3 Bg7 4. g3 d6 5. Bg2 O-O 6. O-O Nbd7 7. Nc3 e5 8. Qc2
exd4 9. Nxd4 Re8 10. Rd1 a5 11. b3 Nc5 12. Ba3 Qe7 13. Rac1 c6 14. h3 h5 15. e3
Nh7 16. Nce2 Bd7 17. h4 Nf6 18. Nf4 Ng4 19. Qe2 Rad8 20. Qe1 Bc8 21. Rc2 Qc7 22.
Rcd2 a4 23. Qf1 Ne4 24. Bxe4 Rxe4 25. Nf3 Bf8 26. Ng5 Ree8 27. Bb2 Ne5 28. Qe2
Bg7 29. f3 axb3 30. axb3 Qb6 31. Rxd6 Rxd6 32. Rxd6 Qxb3 33. Ne4 Qxb2 34. Qxb2
Nxf3+ 35. Kf2 Bxb2 36. Kxf3 Bg4+ 37. Kf2 Rxe4 38. Nd3 Be5 39. Rd8+ Kg7 40. c5
Bf6 41. Rb8 Re7 0-1

[Event "Gelfand Challenge 2021"]
[Site "chess24.com INT"]
[Date "2021.06.13"]
[Round "19.7"]
[White "Liang, Awonder"]
[Black "Mendonca, Leon Luke"]
[Result "1/2-1/2"]
[WhiteTitle "GM"]
[BlackTitle "GM"]
[WhiteElo "2592"]
[BlackElo "2549"]
[WhiteFideId "2056437"]
[BlackFideId "35028561"]
[EventDate "2021.06.10"]

1. e4 c5 2. Nc3 d6 3. Bb5+ Bd7 4. Bxd7+ Qxd7 5. f4 Nc6 6. Nf3 g6 7. O-O Bg7 8.
d3 Nh6 9. h3 f5 10. Be3 O-O 11. Qd2 Rac8 12. Rae1 b6 13. Kh2 Nd4 14. Nd1 Nxf3+
15. Rxf3 e6 16. c3 d5 17. e5 d4 18. Bf2 Rfd8 19. Bh4 Re8 20. Nf2 Kh8 21. Qe2 Nf7
22. g4 dxc3 23. bxc3 Qc6 24. Re3 b5 25. Bf6 b4 26. c4 Rb8 27. h4 b3 28. axb3
Rxb3 29. h5 Reb8 30. Qf1 Rb2 31. Kg3 Kg8 32. gxf5 exf5 33. Bxg7 Kxg7 34. e6 Nh6
35. e7 Re8 36. R1e2 Rxe2 37. Qxe2 Qd7 38. Re6 Qd4 39. hxg6 hxg6 40. Ra6 Ng8 41.
Rxa7 Nf6 42. Qe5 Kf7 43. Rc7 Qxe5 44. fxe5 Nh5+ 45. Kf3 Rxe7 46. Rxc5 g5 47. d4
Ra7 48. Nd3 Ra3 49. Rc7+ Ke8 50. Ke2 Ng3+ 51. Kd2 Nf1+ 52. Ke2 Ng3+ 53. Kd2 Nf1+
54. Ke2 Ng3+ 1/2-1/2

[Event "Gelfand Challenge 2021"]
[Site "chess24.com INT"]
[Date "2021.06.13"]
[Round "19.8"]
[White "Khademalsharieh, Sarasadat"]
[Black "Zhu, Jiner"]
[Result "0-1"]
[WhiteTitle "IM"]
[BlackTitle "WGM"]
[WhiteElo "2494"]
[BlackElo "2462"]
[WhiteFideId "12512214"]
[BlackFideId "8608059"]
[EventDate "2021.06.10"]

1. Nf3 Nf6 2. c4 e6 3. e3 d5 4. b3 c5 5. cxd5 exd5 6. Bb2 Nc6 7. Be2 Bd6 8. O-O
O-O 9. d4 cxd4 10. Nxd4 a6 11. Nd2 Qe7 12. Rc1 Bd7 13. N2f3 Rfe8 14. Qc2 Ne4 15.
Rfd1 Rac8 16. Nxc6 bxc6 17. Bxa6 Ra8 18. Bd3 Rxa2 19. Qb1 Raa8 20. h3 Rab8 21.
Qc2 h6 22. Ra1 Nc5 23. Bh7+ Kh8 24. Qc3 f5 25. Bg6 Rxb3 26. Qc2 Reb8 27. Bd4 Ne4
28. Ra7 R3b7 29. Rxb7 Rxb7 30. Qa2 Ng5 31. Bh5 Nxf3+ 32. Bxf3 Rb8 33. Qa7 Be8
34. Qa1 Qb7 35. Rc1 Ra8 36. Bxg7+ Kg8 37. Qf6 Ba3 38. Bxh6 Bxc1 39. Qf8+ Kh7 40.
Bg5 Bb2 0-1

[Event "Gelfand Challenge 2021"]
[Site "chess24.com INT"]
[Date "2021.06.13"]
[Round "19.9"]
[White "Murzin, Volodar"]
[Black "Nihal, Sarin"]
[Result "1-0"]
[WhiteTitle "IM"]
[BlackTitle "GM"]
[WhiteElo "2502"]
[BlackElo "2620"]
[WhiteFideId "44155573"]
[BlackFideId "25092340"]
[EventDate "2021.06.10"]

1. e4 e5 2. Nf3 Nc6 3. Bb5 a6 4. Ba4 Nf6 5. d3 d6 6. c3 g6 7. O-O Bg7 8. h3 O-O
9. Be3 h6 10. Nbd2 Nd7 11. Nh2 Ne7 12. f4 exf4 13. Bxf4 Nc5 14. Bc2 Ne6 15. Be3
f5 16. d4 f4 17. Bf2 Qe8 18. Ndf3 Bd7 19. Qd2 g5 20. Rfe1 Ng6 21. e5 d5 22. Qd3
Kh7 23. Ng4 Bb5 24. Qd1 Qf7 25. h4 Kg8 26. a4 Be8 27. h5 Ne7 28. Nf6+ Bxf6 29.
exf6 Qxf6 30. Qd3 Rf7 31. Ne5 Nf8 32. g3 Rg7 33. gxf4 Bxh5 34. Qh3 Bg6 35. Ng4
Qxf4 36. Bg3 Qd2 37. Nxh6+ Kh8 38. Be5 Qxc2 39. Bxg7+ Kxg7 40. Rxe7+ Kf6 41.
Ng8# 1-0

[Event "Gelfand Challenge 2021"]
[Site "chess24.com INT"]
[Date "2021.06.13"]
[Round "19.10"]
[White "Abdusattorov, Nodirbek"]
[Black "Yip, Carissa"]
[Result "1-0"]
[WhiteTitle "GM"]
[BlackTitle "IM"]
[WhiteElo "2634"]
[BlackElo "2430"]
[WhiteFideId "14204118"]
[BlackFideId "2090732"]
[EventDate "2021.06.10"]

1. d4 g6 2. e4 Bg7 3. Nc3 d6 4. Be3 Nd7 5. Qd2 c6 6. Nf3 b5 7. Bd3 Nb6 8. h4 h6
9. e5 Be6 10. a4 a6 11. O-O Nd5 12. Be4 Rc8 13. axb5 axb5 14. Nxd5 cxd5 15. Bd3
Bd7 16. exd6 exd6 17. Bf4 Ne7 18. Bxd6 O-O 19. h5 g5 20. Ra7 Re8 21. Ne5 Bxe5
22. dxe5 Nf5 23. Qb4 Nxd6 24. Qxd6 Be6 25. Bxb5 Qxd6 26. exd6 Red8 27. d7 Rb8
28. Bc6 Rxb2 29. Rfa1 Kf8 30. Ra8 Rbb8 31. Rxb8 Rxb8 32. Ra5 Ke7 33. Bxd5 Rb1+
34. Kh2 Bxd7 35. Ra7 Rb6 36. Bxf7 Rf6 37. Bd5 Kd6 38. Ra6+ 1-0